The world economy : history and prospect /

Saved in:
Bibliographic Details
Main Author: Rostow, W. W. (Walt Whitman), 1916-
Format: Book
Language:English
Published: London : Macmillan, 1978.
Subjects:
LEADER 00861nam a2200229 i 4500
001 c000340468
003 CARM
005 00000000000000.0
008 830117s1978 k 00100 eng d
019 1 |a 2589421  |5 LACONCORD2021 
035 |a (OCoLC)220404652  |5 LACONCORD2021 
100 1 |a Rostow, W. W.  |q (Walt Whitman),  |d 1916- 
245 1 4 |a The world economy :  |b history and prospect /  |c W.W.Rostow. 
260 |a London :  |b Macmillan,  |c 1978. 
300 |a xliii,833p. ;  |c 26cm. 
500 |a Includes bibliographical references and index. 
650 0 |a Economic history. 
650 0 |a Economic forecasting. 
852 8 |b CARM  |h A1:AL23E0  |i C10550  |p 0436838  |f BK 
082 0 4 |a 330.9  |2 19 
999 f f |i b698005a-e8f5-5291-8072-127c5d68323f  |s 3b1030e8-67fd-5d21-994e-3f0e578464d2 
952 f f |p Can circulate  |a CAVAL  |b CAVAL  |c CAVAL  |d CARM 1 Store  |e C10550  |f A1:AL23E0  |h Other scheme  |i book  |m 0436838